अग्नसिंपदा. (Record no. 781880)

MARC details
000 -LEADER
fixed length control field 00732nam a2200181Ia 4500
008 - FIXED-LENGTH DATA ELEMENTS--GENERAL INFORMATION
fixed length control field 100921s9999 xx 000 0 und d
082 ## - DEWEY DECIMAL CLASSIFICATION NUMBER
Item number 32767
Classification number 550 थ 93
100 ## - MAIN ENTRY--PERSONAL NAME
Personal name कुलकर्णी एस.के.
245 ## - TITLE STATEMENT
Title अग्नसिंपदा.
260 ## - PUBLICATION, DISTRIBUTION, ETC. (IMPRINT)
Name of publisher, distributor, etc इन्स्टीट्यूट फॉर स्टडीज इन वेदिक सायनन्सेस,अक्कलकोट.
Date of publication, distribution, etc 1993
300 ## - PHYSICAL DESCRIPTION
Extent 41
Other physical details ---
365 ## - TRADE PRICE
Price amount 5
520 ## - SUMMARY, ETC.
Summary, etc विज्ञान-भौमिक शास्त्रे.
630 ## - SUBJECT ADDED ENTRY--UNIFORM TITLE
Uniform title अग्नसिंपदा.
650 ## - SUBJECT ADDED ENTRY--TOPICAL TERM
Topical term or geographic name as entry element विज्ञान-भौमिक शास्त्रे.
730 ## - ADDED ENTRY--UNIFORM TITLE
Uniform title अग्नसिंपदा.
942 ## - ADDED ENTRY ELEMENTS (KOHA)
Koha item type Book
Holdings
Withdrawn status Lost status Damaged status Not for loan Home library Current library Shelving location Date acquired Cost, normal purchase price Total Checkouts Barcode Date last seen Price effective from Koha item type Public note
        Lo. Tilak Granthasangrahalaya, Wai Lo. Tilak Granthasangrahalaya, Wai     5.00   WAITILAKGS-32767 09/21/2010 09/21/2010 Book देवघेव